LEADER 00594naa a2200133 i 4500 001 000000292830 003 CaOOAMICUS 005 20180831172433.0 008 180831n xx u000 u und u 040 $aSeMil$bita 100 1 $aFrosini, Giordano,$d<1927-2019>.$0(OLS)http://semarc/name/8003 245 13$aLa missione della cittą nell'attuale momento storico. P. 181-192. 773 0 $tFilosofia e cultura nell'Europa di domani.$dRoma : Cittą Nuova, 1993.$kIdee. Filosofia$z88-311-0093-9$w()40601 996 $6245$aLa missione della cittą nell'attuale momento storico. P. 181-192.$9(OLS)http://semarc/title/368924 LEADER 00419naa a2200133 i 4500 001 000000305838 003 CaOOAMICUS 005 20180831172845.0 008 180831n xx u000 u und u 013 $a14113 040 $aSeMil$bita 100 1 $aKertelge, Karl,$d<1926-2009>.$0(OLS)http://semarc/name/16973 245 10$aBuchstabe und Geist nach 2 Kor 3. 996 $6245$aBuchstabe und Geist nach 2 Kor 3$9(OLS)http://semarc/title/375438